<?xml version="1.0" encoding="UTF-8"?>
<collection xmlns="http://www.loc.gov/MARC21/slim">
 <record>
  <leader>03500cam a2200469  a4500</leader>
  <controlfield tag="001">1725264846</controlfield>
  <controlfield tag="003">DE-627</controlfield>
  <controlfield tag="005">20221114145021.0</controlfield>
  <controlfield tag="007">tu</controlfield>
  <controlfield tag="008">200722m20202020xxu|||||      00| ||fre c</controlfield>
  <datafield tag="020" ind1=" " ind2=" ">
   <subfield code="a">9780998817514</subfield>
   <subfield code="c">hardcover</subfield>
   <subfield code="9">978-0-9988175-1-4</subfield>
  </datafield>
  <datafield tag="020" ind1=" " ind2=" ">
   <subfield code="a">0998817511</subfield>
   <subfield code="9">0-9988175-1-1</subfield>
  </datafield>
  <datafield tag="035" ind1=" " ind2=" ">
   <subfield code="a">(DE-627)1725264846</subfield>
  </datafield>
  <datafield tag="035" ind1=" " ind2=" ">
   <subfield code="a">(DE-599)KXP1725264846</subfield>
  </datafield>
  <datafield tag="040" ind1=" " ind2=" ">
   <subfield code="a">DE-627</subfield>
   <subfield code="b">ger</subfield>
   <subfield code="c">DE-627</subfield>
   <subfield code="e">rda</subfield>
  </datafield>
  <datafield tag="041" ind1=" " ind2=" ">
   <subfield code="a">fre</subfield>
   <subfield code="a">eng</subfield>
  </datafield>
  <datafield tag="044" ind1=" " ind2=" ">
   <subfield code="c">XD-US</subfield>
  </datafield>
  <datafield tag="084" ind1=" " ind2=" ">
   <subfield code="a">KUNST</subfield>
   <subfield code="q">DE-16</subfield>
   <subfield code="2">fid</subfield>
  </datafield>
  <datafield tag="084" ind1=" " ind2=" ">
   <subfield code="a">20.31</subfield>
   <subfield code="2">bkl</subfield>
  </datafield>
  <datafield tag="100" ind1="1" ind2=" ">
   <subfield code="a">Degas, Edgar</subfield>
   <subfield code="d">1834-1917</subfield>
   <subfield code="e">VerfasserIn</subfield>
   <subfield code="0">(DE-588)118524291</subfield>
   <subfield code="0">(DE-627)145380068</subfield>
   <subfield code="0">(DE-576)160694760</subfield>
   <subfield code="4">aut</subfield>
  </datafield>
  <datafield tag="240" ind1="1" ind2="0">
   <subfield code="a">Briefe</subfield>
  </datafield>
  <datafield tag="245" ind1="1" ind2="4">
   <subfield code="a">The letters of Edgar Degas</subfield>
   <subfield code="b">bilingual edition</subfield>
   <subfield code="c">edited and annotated by Theodore Reff</subfield>
  </datafield>
  <datafield tag="264" ind1=" " ind2="1">
   <subfield code="a">New York</subfield>
   <subfield code="b">The Wildenstein Plattner Institute, Inc.</subfield>
   <subfield code="c">[2020]</subfield>
  </datafield>
  <datafield tag="264" ind1=" " ind2="2">
   <subfield code="a">University Par, PA</subfield>
   <subfield code="b">Pennsylvania State University Press</subfield>
  </datafield>
  <datafield tag="336" ind1=" " ind2=" ">
   <subfield code="a">Text</subfield>
   <subfield code="b">txt</subfield>
   <subfield code="2">rdacontent</subfield>
  </datafield>
  <datafield tag="337" ind1=" " ind2=" ">
   <subfield code="a">ohne Hilfsmittel zu benutzen</subfield>
   <subfield code="b">n</subfield>
   <subfield code="2">rdamedia</subfield>
  </datafield>
  <datafield tag="338" ind1=" " ind2=" ">
   <subfield code="a">Band</subfield>
   <subfield code="b">nc</subfield>
   <subfield code="2">rdacarrier</subfield>
  </datafield>
  <datafield tag="520" ind1=" " ind2=" ">
   <subfield code="a">&quot;The three-volume book includes a transcription of the original French letters, an English translation, and extensive annotations of more than 1,200 letters Degas wrote over some fifty years. The range and variety of the texts build a complex, fascinating portrait of this artist and his work, providing new information on his artistic theories, his relations with avant-garde and conservative artists alike, his central role in the Impressionist exhibitions, as well as new insights into his private life and the social and intellectual life of his time. These letters reveal a range of interests and opinions, preoccupations and beliefs, that dramatically correct many notions about Degas derived primarily from anecdotal sources. Long known for his finely wrought sonnets and scathing witticisms, Degas also reveals himself in his letters as an ambitious and inventive writer, to whom verbal expression was a major source of pleasure throughout his life. Expressions of his strong personality, the letters display features also seen in his visual style, verbal equivalents of his forceful, insightful, and trenchant draftsmanship. The letters, the thorough and engaging analysis, and the informative appendices make this a welcome and indispensable reference for scholars and specialists in this major artist, as well as anyone seriously interested in French Impressionism and 19th century art or French and European history and literature.&quot;</subfield>
  </datafield>
  <datafield tag="546" ind1=" " ind2=" ">
   <subfield code="a">Briefe französisch mit englischer Übersetzung, zusätzliche Texte englisch</subfield>
  </datafield>
  <datafield tag="655" ind1=" " ind2="7">
   <subfield code="a">Briefsammlung</subfield>
   <subfield code="0">(DE-588)4146609-3</subfield>
   <subfield code="0">(DE-627)104269936</subfield>
   <subfield code="0">(DE-576)209750472</subfield>
   <subfield code="2">gnd-content</subfield>
  </datafield>
  <datafield tag="689" ind1="0" ind2="0">
   <subfield code="d">p</subfield>
   <subfield code="0">(DE-588)118524291</subfield>
   <subfield code="0">(DE-627)145380068</subfield>
   <subfield code="0">(DE-576)160694760</subfield>
   <subfield code="a">Degas, Edgar</subfield>
   <subfield code="d">1834-1917</subfield>
   <subfield code="2">gnd</subfield>
  </datafield>
  <datafield tag="689" ind1="0" ind2="1">
   <subfield code="a">z</subfield>
   <subfield code="2">gnd</subfield>
   <subfield code="a">Geschichte 1856-1915</subfield>
  </datafield>
  <datafield tag="689" ind1="0" ind2=" ">
   <subfield code="5">(DE-627)</subfield>
  </datafield>
  <datafield tag="700" ind1="1" ind2=" ">
   <subfield code="a">Reff, Theodore</subfield>
   <subfield code="d">1930-</subfield>
   <subfield code="e">HerausgeberIn</subfield>
   <subfield code="e">VerfasserIn von Zusatztexten</subfield>
   <subfield code="0">(DE-588)1012125580</subfield>
   <subfield code="0">(DE-627)661322041</subfield>
   <subfield code="0">(DE-576)344971740</subfield>
   <subfield code="4">edt</subfield>
   <subfield code="4">wat</subfield>
  </datafield>
  <datafield tag="787" ind1="0" ind2="8">
   <subfield code="i">Rezensiert in</subfield>
   <subfield code="a">Foa, Michelle</subfield>
   <subfield code="t">[Rezension von: Reff, Theodore, The letters of Edgar Degas]</subfield>
   <subfield code="d">2021</subfield>
   <subfield code="w">(DE-627)1754721427</subfield>
  </datafield>
  <datafield tag="787" ind1="0" ind2="8">
   <subfield code="i">Rezensiert in</subfield>
   <subfield code="a">Berger, Christian, 1977 - </subfield>
   <subfield code="t">[Rezension von: Reff, Theodore, ed., The letters of Edgar Degas]</subfield>
   <subfield code="d">2022</subfield>
   <subfield code="w">(DE-627)1822280850</subfield>
  </datafield>
  <datafield tag="936" ind1="b" ind2="k">
   <subfield code="a">20.31</subfield>
   <subfield code="j">Bildende Künstler</subfield>
   <subfield code="0">(DE-627)181571080</subfield>
  </datafield>
  <datafield tag="951" ind1=" " ind2=" ">
   <subfield code="a">MC</subfield>
  </datafield>
  <datafield tag="990" ind1=" " ind2=" ">
   <subfield code="a">Degas, Edgar</subfield>
  </datafield>
  <datafield tag="990" ind1=" " ind2=" ">
   <subfield code="a">Geschichte 1856-1915</subfield>
  </datafield>
  <datafield tag="991" ind1=" " ind2=" ">
   <subfield code="a">Rezensiertes Werk</subfield>
  </datafield>
  <datafield tag="999" ind1=" " ind2=" ">
   <subfield code="a">KXP-PPN1725264846</subfield>
   <subfield code="e">4217037317</subfield>
  </datafield>
 </record>
</collection>
